| 000 | 00344nam a2200145Ia 4500 | ||
|---|---|---|---|
| 008 | 230312s9999||||xx |||||||||||||| ||und|| | ||
| 082 |
_a310 _bDEW |
||
| 100 | _aDewett. K K | ||
| 245 | 0 | _aModern Economic Theory | |
| 260 |
_bS. Chand _aNew Dehli _c2003 |
||
| 300 | _a741 | ||
| 546 | _aEng. | ||
| 650 |
_aEconomics _vTheory of Demand |
||
| 942 | _cBK | ||
| 999 |
_c2494 _d2494 |
||